000 00995nam a22002657a 4500
005 20240530110408.0
008 150205s2010 ua g b 000 0 ara d
040 _aEG-CaGPL
041 0 _aara
082 0 4 _221
_a364.15554\
_bم إ
100 0 _aمحمد برهام المشاغلى
245 1 0 _aاغتيال البراءة :
_bبيعا - اغتصابا - ضربا /
_cمحمد برهام المشاغلى
250 _aط1
260 _aالقاهرة :
_bالمركز القومى للاصدارات القانونية ،
_c2010
300 _a336 ص ؛
_c24 سم
504 _aببليوجرافية : ص 331 - 335
650 0 4 _aالاطفال
_xحوادث
650 0 4 _aالاطفال
_xرعاية
650 0 4 _aالاطفال
_xسوء معاملة
650 0 4 _aالاطفال
_xقوانين و تشريعات
650 0 4 _aالاطفال
_xحقوق مدنية
650 0 4 _aالاطفال فى الاسلام
942 _2ddc
_cBK
999 _c60393
_d60393